Estadísticas para Países de Europa

Haz click aquí para tomar la prueba!

Estadísticas generales

  • Esta prueba ha sido tomada 43.977 veces
  • La puntuación promedio es 39 de 45

Respuestas en el mapa

Las respuestas están codificadas por una escala verde-roja en el mapa de la prueba según el % correcto abajo.
Cargando...
 

Estadísticas de respuestas

Países% Correcto
España
99%
Portugal
98%
Italia
98%
Francia
98%
Alemania
97%
Reino Unido
96%
Rusia
95%
Suecia
94%
Irlanda
94%
Grecia
93%
Noruega
93%
Países Bajos
92%
Finlandia
92%
Suiza
92%
Polonia
91%
Islandia
91%
Bélgica
90%
Dinamarca
89%
Andorra
89%
Lituania
88%
Estonia
88%
Austria
87%
Ucrania
87%
Letonia
85%
Bielorrusia
85%
Ciudad del
Vaticano
85%
Croacia
85%
Rumania
85%
Luxemburgo
84%
República
Checa
81%
Albania
81%
Hungría
81%
Mónaco
81%
Eslovaquia
80%
Bulgaria
80%
Eslovenia
79%
Montenegro
78%
Serbia
78%
Bosnia y
Herzegovina
78%
Malta
77%
Macedonia
del Norte
75%
San Marino
74%
Moldavia
69%
Kosovo
69%
Liechtenstein
67%

Distribución de puntuación

Porcentaje por número respondido

Porcentaje de gente con cada puntuación

Historial de tus puntuaciones

No has tomado esta prueba